Ξένη Λέξη στα Ελληνικά #1 - Statistics

General Stats
  • This quiz has been taken 46 times
  • The average score is 8 of 15
Answer Stats
Ξένη Λέξη Ελληνική Λέξη % Correct
Ασανσέρ Ανελκυστήρας
95%
Μπάσκετ Καλαθοσφαίριση
93%
Βόλεϊ Πετοσφαίριση
80%
Μαγαζί Κατάστημα
71%
Ραντεβού Συνάντηση
68%
Μπαξές Κήπος
63%
Μπούλινγκ Εκφοβισμός
49%
Καρπούζι Υδροπέπων
44%
Τένις Αντισφαίριση
44%
Τατουάζ Δερματοστιξία
41%
Γκαζόν Χλόη
34%
Φαστ Φουντ Ταχυφαγείο
27%
Μασάζ Μάλαξη
22%
Σέλφι Αυτοφωτογραφία
22%
Κάμερα Εικονολήπτης
5%
No matching quizzes found
Score Distribution
Percent of People with Each Score
Percentile by Number Answered
Your Score History
You have not taken this quiz